000
00399nam a22001697a 4500
003
MPLRDC
005
20220104125348.0
008
210129b ||||| |||| 00| 0 eng d
082
_a
857.9 XSb v.1
100
_a
萧塞
245
_a
落日刀. 一
_c
260
_a
_b
毅力出版社
_c
300
_b
平
490
_a
萧塞小说专辑. 1
650
_a
武侠小说
942
_c
BK
_o
857.9 XSb v.1
999
_c
26766
_d
26756